<?xml version="1.0" encoding="UTF-8"?><marc:collection xmlns:marc="http://www.loc.gov/MARC21/slim">
  <marc:record>
    <marc:leader>03142nas a2200481 c 4500</marc:leader>
    <marc:controlfield tag="001">010001506</marc:controlfield>
    <marc:controlfield tag="003">DE-101</marc:controlfield>
    <marc:controlfield tag="005">20250507210333.0</marc:controlfield>
    <marc:controlfield tag="007">tu</marc:controlfield>
    <marc:controlfield tag="008">991118d19691995xxuu||m|  ||| 0||||1||| c</marc:controlfield>
    <marc:datafield tag="016" ind1="7" ind2=" ">
      <marc:subfield code="2">DE-600</marc:subfield>
      <marc:subfield code="a">180-6</marc:subfield>
    </marc:datafield>
    <marc:datafield tag="016" ind1="7" ind2=" ">
      <marc:subfield code="2">DE-101</marc:subfield>
      <marc:subfield code="a">010001506</marc:subfield>
    </marc:datafield>
    <marc:datafield tag="022" ind1=" " ind2=" ">
      <marc:subfield code="a">0065-2229</marc:subfield>
    </marc:datafield>
    <marc:datafield tag="030" ind1=" " ind2=" ">
      <marc:subfield code="a">ABPYB</marc:subfield>
    </marc:datafield>
    <marc:datafield tag="035" ind1=" " ind2=" ">
      <marc:subfield code="a">(DE-599)ZDB180-6</marc:subfield>
    </marc:datafield>
    <marc:datafield tag="035" ind1=" " ind2=" ">
      <marc:subfield code="a">(OCoLC)1367276884</marc:subfield>
    </marc:datafield>
    <marc:datafield tag="040" ind1=" " ind2=" ">
      <marc:subfield code="a">9001</marc:subfield>
      <marc:subfield code="b">ger</marc:subfield>
      <marc:subfield code="c">DE-101</marc:subfield>
      <marc:subfield code="d">9999</marc:subfield>
    </marc:datafield>
    <marc:datafield tag="042" ind1=" " ind2=" ">
      <marc:subfield code="a">zdb</marc:subfield>
    </marc:datafield>
    <marc:datafield tag="044" ind1=" " ind2=" ">
      <marc:subfield code="c">XD-US</marc:subfield>
    </marc:datafield>
    <marc:datafield tag="082" ind1="7" ind2="4">
      <marc:subfield code="a">610</marc:subfield>
      <marc:subfield code="q">DE-600</marc:subfield>
      <marc:subfield code="2">22sdnb</marc:subfield>
    </marc:datafield>
    <marc:datafield tag="090" ind1=" " ind2=" ">
      <marc:subfield code="n">fb</marc:subfield>
    </marc:datafield>
    <marc:datafield tag="210" ind1="0" ind2="0">
      <marc:subfield code="a">Adv. Biochem. Psychopharmacol.</marc:subfield>
    </marc:datafield>
    <marc:datafield tag="245" ind1="0" ind2="0">
      <marc:subfield code="a">Advances in biochemical psychopharmacology</marc:subfield>
      <marc:subfield code="c">ed. Erminio Costa, P. Greengard</marc:subfield>
    </marc:datafield>
    <marc:datafield tag="264" ind1="3" ind2="1">
      <marc:subfield code="a">New York, NY</marc:subfield>
      <marc:subfield code="b">Raven Press</marc:subfield>
      <marc:subfield code="c">1969-1995</marc:subfield>
    </marc:datafield>
    <marc:datafield tag="336" ind1=" " ind2=" ">
      <marc:subfield code="a">Text</marc:subfield>
      <marc:subfield code="b">txt</marc:subfield>
      <marc:subfield code="2">rdacontent</marc:subfield>
    </marc:datafield>
    <marc:datafield tag="337" ind1=" " ind2=" ">
      <marc:subfield code="a">ohne Hilfsmittel zu benutzen</marc:subfield>
      <marc:subfield code="b">n</marc:subfield>
      <marc:subfield code="2">rdamedia</marc:subfield>
    </marc:datafield>
    <marc:datafield tag="338" ind1=" " ind2=" ">
      <marc:subfield code="a">Band</marc:subfield>
      <marc:subfield code="b">nc</marc:subfield>
      <marc:subfield code="2">rdacarrier</marc:subfield>
    </marc:datafield>
    <marc:datafield tag="362" ind1="0" ind2=" ">
      <marc:subfield code="a">1.1969 - 49.1995; damit Ersch. eingest.</marc:subfield>
    </marc:datafield>
    <marc:datafield tag="363" ind1="0" ind2="0">
      <marc:subfield code="8">1.1\x</marc:subfield>
      <marc:subfield code="a">1</marc:subfield>
      <marc:subfield code="i">1969</marc:subfield>
    </marc:datafield>
    <marc:datafield tag="363" ind1="1" ind2="0">
      <marc:subfield code="8">1.2\x</marc:subfield>
      <marc:subfield code="a">49</marc:subfield>
      <marc:subfield code="i">1995</marc:subfield>
    </marc:datafield>
    <marc:datafield tag="591" ind1=" " ind2=" ">
      <marc:subfield code="a">188!(11-03-04)</marc:subfield>
    </marc:datafield>
    <marc:datafield tag="655" ind1=" " ind2="7">
      <marc:subfield code="0">(DE-588)4179998-7</marc:subfield>
      <marc:subfield code="0">https://d-nb.info/gnd/4179998-7</marc:subfield>
      <marc:subfield code="0">(DE-101)041799984</marc:subfield>
      <marc:subfield code="a">Monografische Reihe</marc:subfield>
      <marc:subfield code="2">gnd-content</marc:subfield>
    </marc:datafield>
    <marc:datafield tag="787" ind1="0" ind2="8">
      <marc:subfield code="i">9=3 von</marc:subfield>
      <marc:subfield code="a">International Symposium on Phenothiazines and Structurally Related Drugs</marc:subfield>
      <marc:subfield code="t">Proceedings of the International Symposium on Phenothiazines and Structurally Related Drugs</marc:subfield>
      <marc:subfield code="d">New York, NY : Raven Press, 1974-1980</marc:subfield>
      <marc:subfield code="w">(DE-600)771641-2</marc:subfield>
      <marc:subfield code="w">(DE-101)014225778</marc:subfield>
    </marc:datafield>
    <marc:datafield tag="787" ind1="0" ind2="8">
      <marc:subfield code="i">18=1977 von</marc:subfield>
      <marc:subfield code="t">Endorphins</marc:subfield>
      <marc:subfield code="d">[Erscheinungsort nicht ermittelbar] : [Verlag nicht ermittelbar], 1978-1978</marc:subfield>
      <marc:subfield code="w">(DE-600)1106808-5</marc:subfield>
      <marc:subfield code="w">(DE-101)016366603</marc:subfield>
    </marc:datafield>
    <marc:datafield tag="787" ind1="0" ind2="8">
      <marc:subfield code="i">22=2 von</marc:subfield>
      <marc:subfield code="a">Symposium on Neuropeptides</marc:subfield>
      <marc:subfield code="t">Symposium on Neuropeptides</marc:subfield>
      <marc:subfield code="d">New York, NY : [Verlag nicht ermittelbar], 1980-1980</marc:subfield>
      <marc:subfield code="w">(DE-600)1108720-1</marc:subfield>
      <marc:subfield code="w">(DE-101)016385160</marc:subfield>
    </marc:datafield>
    <marc:datafield tag="787" ind1="0" ind2="8">
      <marc:subfield code="i">21=1 von</marc:subfield>
      <marc:subfield code="a">International Colloquium on Receptors, Neurotransmitters, and Peptide Hormones</marc:subfield>
      <marc:subfield code="t">International Colloquium on Receptors, Neurotransmitters, and Peptide Hormones</marc:subfield>
      <marc:subfield code="d">New York, NY : [Verlag nicht ermittelbar], 1980-1980</marc:subfield>
      <marc:subfield code="w">(DE-600)1108724-9</marc:subfield>
      <marc:subfield code="w">(DE-101)016385195</marc:subfield>
    </marc:datafield>
    <marc:datafield tag="787" ind1="0" ind2="8">
      <marc:subfield code="i">14=1974 von</marc:subfield>
      <marc:subfield code="a">American College of Neuropsychopharmacology</marc:subfield>
      <marc:subfield code="t">Annual meeting / Symposium / American College of Neuropsychopharmacology</marc:subfield>
      <marc:subfield code="d">[Erscheinungsort nicht ermittelbar] : [Verlag nicht ermittelbar], 1975-1975</marc:subfield>
      <marc:subfield code="w">(DE-600)1108728-6</marc:subfield>
      <marc:subfield code="w">(DE-101)016385233</marc:subfield>
    </marc:datafield>
    <marc:datafield tag="787" ind1="0" ind2="8">
      <marc:subfield code="i">12=1973 von</marc:subfield>
      <marc:subfield code="a">American College of Neuropsychopharmacology</marc:subfield>
      <marc:subfield code="t">Annual meeting / Study groups / American College of Neuropsychopharmacology</marc:subfield>
      <marc:subfield code="d">[Erscheinungsort nicht ermittelbar] : [Verlag nicht ermittelbar], 1974-1974</marc:subfield>
      <marc:subfield code="w">(DE-600)1108733-X</marc:subfield>
      <marc:subfield code="w">(DE-101)016385284</marc:subfield>
    </marc:datafield>
    <marc:datafield tag="787" ind1="0" ind2="8">
      <marc:subfield code="i">8=1 von</marc:subfield>
      <marc:subfield code="t">Narcotic antagonists</marc:subfield>
      <marc:subfield code="d">[Erscheinungsort nicht ermittelbar] : [Verlag nicht ermittelbar], 1973-1973</marc:subfield>
      <marc:subfield code="w">(DE-600)1108761-4</marc:subfield>
      <marc:subfield code="w">(DE-101)01638556X</marc:subfield>
    </marc:datafield>
    <marc:datafield tag="787" ind1="0" ind2="8">
      <marc:subfield code="i">41=4; 46=6 von</marc:subfield>
      <marc:subfield code="a">Capo Boi Conference</marc:subfield>
      <marc:subfield code="t">Proceedings of the biannual Capo Boi Conference on Neuroscience</marc:subfield>
      <marc:subfield code="d">Oxford : Pergamon Press, 1983-</marc:subfield>
      <marc:subfield code="w">(DE-600)14555-5</marc:subfield>
      <marc:subfield code="w">(DE-101)010206639</marc:subfield>
    </marc:datafield>
    <marc:datafield tag="787" ind1="0" ind2="8">
      <marc:subfield code="i">41=3u.4; 46=78 von</marc:subfield>
      <marc:subfield code="t">Advances in the biosciences</marc:subfield>
      <marc:subfield code="d">Oxford ; Frankfurt [u.a.] : Pergamon Press, 1969-</marc:subfield>
      <marc:subfield code="x">0065-3446</marc:subfield>
      <marc:subfield code="w">(DE-600)411843-1</marc:subfield>
      <marc:subfield code="w">(DE-101)012274542</marc:subfield>
    </marc:datafield>
    <marc:datafield tag="787" ind1="0" ind2="8">
      <marc:subfield code="i">41=3u.4; 46=8 von</marc:subfield>
      <marc:subfield code="t">Symposia in neuroscience</marc:subfield>
      <marc:subfield code="d">Oxford [u.a.] : Pergamon Press, 1983-</marc:subfield>
      <marc:subfield code="w">(DE-600)27170-6</marc:subfield>
      <marc:subfield code="w">(DE-101)010296220</marc:subfield>
    </marc:datafield>
    <marc:datafield tag="850" ind1=" " ind2=" ">
      <marc:subfield code="a">DE-101a</marc:subfield>
    </marc:datafield>
  </marc:record>
</marc:collection>
